[Event "Team women chess final 2018"]
[Site "Sochi"]
[Date "2018.05.09"]
[Round "8.4"]
[White "Ivanova, Karina"]
[Black "Sergeeva, Natalia"]
[Result "1-0"]
[WhiteElo "2128"]
[BlackElo "1985"]
[PlyCount "121"]
[EventDate "2018.05.01"]
[BlackTeam "Аудиторская компания "]

1. d4 Nf6 2. c4 e6 3. Nf3 Bb4+ 4. Bd2 Qe7 5. Nc3 b6 6. g3 Bb7 7. Bg2 O-O 8. O-O
Bxc3 9. Bxc3 Ne4 10. Rc1 d6 11. Qc2 Nxc3 12. Qxc3 Nd7 13. Rfd1 a5 14. Qc2 f5
15. Ne1 Bxg2 16. Nxg2 g5 17. f4 h6 18. e4 Qh7 19. exf5 exf5 20. Rf1 Rae8 21.
fxg5 hxg5 22. Rce1 Re4 23. Rxe4 fxe4 24. Rxf8+ Kxf8 25. Ne3 Ke8 26. Qf2 Kd8 27.
h4 gxh4 28. gxh4 Qg7+ 29. Ng2 Nf6 30. Qf4 Qg6 31. Qg5 Qxg5 32. hxg5 Ng4 33. Kf1
Ke7 34. Ke2 c6 35. d5 cxd5 36. cxd5 Ne5 37. Nf4 a4 38. b3 axb3 39. axb3 Nf3 40.
Ne6 b5 41. Ke3 b4 42. Kxe4 Nd2+ 43. Kd4 Nxb3+ 44. Kc4 Nd2+ 45. Kxb4 Kf7 46. Kc3
Nf3 47. Kc4 Kg6 48. Kb5 Nd2 49. Kc6 Ne4 50. Kc7 Kf5 51. Kd7 Ke5 52. g6 Nf6+ 53.
Ke7 Nxd5+ 54. Kf7 Nf6 55. g7 Kf5 56. Nc7 Ng4 57. Ne8 Nh6+ 58. Ke7 Kg6 59. Kf8
d5 60. Nd6 d4 61. Nf7 1-0

[Event "Team women chess final 2018"]
[Site "Sochi"]
[Date "2018.05.10"]
[Round "9.2"]
[White "Nebolsina, Vera"]
[Black "Lysenko, Margarita"]
[Result "1/2-1/2"]
[WhiteElo "2218"]
[BlackElo "2220"]
[PlyCount "151"]
[EventDate "2018.05.01"]

1. e4 c5 2. Nc3 d6 3. g3 Nc6 4. Bg2 g6 5. d3 Bg7 6. Be3 e6 7. Qd2 Nd4 8. Nd1 h6
9. c3 Ne7 10. f3 Ndc6 11. Ne2 b6 12. Nf2 Ba6 13. Rd1 d5 14. d4 cxd4 15. cxd4
Qd6 16. Nd3 dxe4 17. fxe4 Rd8 18. e5 Qd7 19. O-O Bxd3 20. Qxd3 Nxe5 21. Qb3 Ng4
22. d5 Nxd5 23. Bf4 O-O 24. Nc3 Ngf6 25. Bxh6 Bxh6 26. Rxf6 Qe7 27. Nxd5 exd5
28. Rf3 d4 29. Rdf1 Be3+ 30. Kh1 Kg7 31. a4 f5 32. a5 bxa5 33. Ra1 Rb8 34. Qd3
Rxb2 35. Rxa5 Rf7 36. Rf1 Qc7 37. Rfa1 Qc2 38. Qxc2 Rxc2 39. Rxa7 Rxa7 40.
Rxa7+ Kh6 41. Ra1 d3 42. Rd1 d2 43. Bf3 Bf2 44. Kg2 Be1 45. Be2 Rc1 46. Bf3 Kg7
47. Kf1 Kf6 48. Ke2 Ke5 49. Kd3 g5 50. h3 Ke6 51. g4 f4 52. Kd4 Kd6 53. Be2 Kc6
54. Bf3+ Kb5 55. h4 gxh4 56. g5 Rc7 57. Rb1+ Ka5 58. g6 h3 59. Ra1+ Kb4 60.
Rb1+ Ka3 61. Bd1 h2 62. Rb3+ Ka2 63. Rh3 Bg3 64. Kd3 Rd7+ 65. Kc2 Ka3 66. Bf3
Rg7 67. Be4 Kb4 68. Kxd2 Kc5 69. Rh7 Rg8 70. Ke2 Kd4 71. Kf3 Ke5 72. Rh5+ Kf6
73. Kg4 Rxg6+ 74. Bxg6 Kxg6 75. Rh3 Kf6 76. Kf3 1/2-1/2

[Event "Team women chess final 2018"]
[Site "Sochi"]
[Date "2018.05.10"]
[Round "9.3"]
[White "Kryukova, Irina"]
[Black "Markelova, Lubov"]
[Result "1/2-1/2"]
[WhiteElo "2261"]
[BlackElo "2127"]
[PlyCount "151"]
[EventDate "2018.05.01"]

1. e4 e6 2. d4 d5 3. Bd3 dxe4 4. Bxe4 Nf6 5. Bf3 c5 6. Ne2 Nc6 7. Be3 cxd4 8.
Nxd4 Ne5 9. Nc3 Bb4 10. Ndb5 Nxf3+ 11. Qxf3 O-O 12. a3 Bxc3+ 13. Nxc3 Nd5 14.
O-O-O Qc7 15. Nxd5 exd5 16. Qxd5 Be6 17. Qc5 Qxc5 18. Bxc5 Rfc8 19. Be3 a5 20.
Rd4 Bb3 21. Rd2 a4 22. g4 Be6 23. h3 Rd8 24. Rhd1 Rxd2 25. Rxd2 h5 26. Rd4 hxg4
27. hxg4 Kf8 28. Rb4 Bd5 29. Bc5+ Ke8 30. Bd4 Kf8 31. Kd2 Bc6 32. Bc5+ Ke8 33.
Ke3 Ra5 34. Bd4 g6 35. Bf6 Kd7 36. g5 Ke6 37. f4 Rb5 38. Rc4 Ra5 39. Bc3 Ra8
40. Rc5 Re8 41. Be5 Rd8 42. b3 Rd5 43. Rc4 axb3 44. cxb3 Rd1 45. Rb4 Rd5 46. a4
Rd1 47. Ke2 Rd8 48. Bf6 Rd7 49. Rc4 Rd6 50. Rc3 Kf5 51. Be5 Rd8 52. Ke3 Rd5 53.
Bd4 Rd7 54. a5 Re7+ 55. Be5 Bd5 56. Kd4 Ke6 57. Kc5 Bg2 58. Kb6 Rd7 59. b4 Bf1
60. Rc1 Bg2 61. b5 Rd8 62. Rc7 Rd7 63. Rc8 Rd2 64. Re8+ Kd7 65. Rb8 Ra2 66. Bf6
Ra4 67. Rd8+ Ke6 68. Be5 Ra3 69. Rb8 Kd7 70. Bc7 Rb3 71. Rd8+ Ke7 72. Rd2 Bc6
73. Re2+ Kd7 74. Rd2+ Ke7 75. Re2+ Kd7 76. Rd2+ 1/2-1/2

[Event "Team women chess final 2018"]
[Site "Sochi"]
[Date "2018.05.10"]
[Round "9.4"]
[White "Bulatova, Kamaliya"]
[Black "Selifonova, Aleksandra"]
[Result "1/2-1/2"]
[WhiteElo "2121"]
[BlackElo "1890"]
[PlyCount "94"]
[EventDate "2018.05.01"]

1. d4 d5 2. Bf4 Nf6 3. e3 c5 4. c3 Nc6 5. Nd2 Qb6 6. Qb3 c4 7. Qc2 g6 8. e4 Na5
9. Be5 dxe4 10. Bxf6 exf6 11. Nxc4 Nxc4 12. Bxc4 Bf5 13. Qa4+ Ke7 14. Ne2 Qxb2
15. O-O e3 16. fxe3 Bh6 17. Rae1 Bxe3+ 18. Kh1 Bd2 19. Ng3+ Bxe1 20. Nxf5+ gxf5
21. Rxe1+ Kd6 22. Qa5 Rac8 23. Bxf7 Rxc3 24. Qxf5 Kc7 25. Qf4+ Kd7 26. Qxf6 Rc1
27. Qf5+ Kc6 28. d5+ Kc5 29. d6+ Kb6 30. Qf1 Rxe1 31. Qxe1 Rc8 32. d7 Rd8 33.
Be6 Qb5 34. Qd1 a6 35. h3 Ka7 36. Bg4 h5 37. a4 Qc6 38. Bf5 Qc5 39. Be6 Ka8 40.
Qe1 Qd6 41. Bf5 Qf6 42. Qa5 Rf8 43. Qc7 Qd8 44. Qc8+ Ka7 45. Qc5+ Kb8 46. Qd6+
Ka8 47. Qc5 Kb8 1/2-1/2

[Event "Team women chess final 2018"]
[Site "Sochi"]
[Date "2018.05.10"]
[Round "9.1"]
[White "Dordzhieva, Dinara"]
[Black "Sazonova, Anastasia"]
[Result "1/2-1/2"]
[WhiteElo "2301"]
[BlackElo "2178"]
[PlyCount "92"]
[EventDate "2018.05.01"]

1. c4 c6 2. g3 d5 3. Bg2 Nf6 4. Nf3 Bg4 5. Ne5 Be6 6. cxd5 Bxd5 7. Nf3 c5 8.
Nc3 Bc6 9. d3 e6 10. O-O Be7 11. e4 O-O 12. Qe2 b5 13. a4 b4 14. Nd1 Bb7 15.
Ne3 Nc6 16. Nc4 Nd7 17. Be3 Nb6 18. Nfd2 Nxc4 19. Nxc4 Na5 20. Rfd1 Nb3 21. Ra2
Rc8 22. Qc2 Nd4 23. Bxd4 Qxd4 24. b3 Rfd8 25. Qe2 Ba6 26. Rc2 Rc7 27. Kh1 Bf6
28. f4 Bxc4 29. Rxc4 Qb2 30. Qxb2 Bxb2 31. e5 g6 32. Be4 h5 33. Kg2 Kg7 34. Rc2
Bc3 35. Rf1 a5 36. Kf3 Rh8 37. h3 Rcc8 38. Rg2 Bd4 39. Ke2 Rcd8 40. Bb7 Rd7 41.
Ba6 Ra7 42. Bc4 Rd7 43. Kf3 Rdd8 44. Rh1 Rde8 45. Rgh2 Rh7 46. g4 Reh8 1/2-1/2

[Event "Team women chess final 2018"]
[Site "Sochi"]
[Date "2018.05.10"]
[Round "9.2"]
[White "Trapeznikova, Darya"]
[Black "Drozdova, Dina"]
[Result "1/2-1/2"]
[WhiteElo "2087"]
[BlackElo "2186"]
[PlyCount "112"]
[EventDate "2018.05.01"]

1. e4 d6 2. d4 Nf6 3. Nc3 e5 4. dxe5 dxe5 5. Qxd8+ Kxd8 6. Bg5 Be7 7. O-O-O+
Nbd7 8. Nf3 Ke8 9. Bc4 c6 10. Bb3 Ng4 11. Bxe7 Kxe7 12. Rd2 f6 13. h3 Nh6 14.
a4 Nc5 15. Bc4 Be6 16. Bxe6 Nxe6 17. g3 Nf7 18. Rhd1 Rhd8 19. Rxd8 Nexd8 20.
Kd2 Ne6 21. Ke3 g6 22. Nh4 Nd6 23. b3 Rf8 24. f4 exf4+ 25. gxf4 Nxf4 26. Kxf4
g5+ 27. Ke3 gxh4 28. Rg1 Kf7 29. Rg4 Re8 30. Kf3 Re5 31. Rxh4 h5 32. Ne2 b5 33.
Nd4 bxa4 34. bxa4 Rc5 35. Ke3 Nc4+ 36. Ke2 Nb2 37. a5 a6 38. Rf4 Rxa5 39. Nxc6
Rc5 40. Nd4 a5 41. Rf5 Rc4 42. Ke3 Rc8 43. Rxh5 Kg6 44. Rb5 Nc4+ 45. Kd3 a4 46.
Rb4 Ne5+ 47. Kd2 a3 48. Ra4 Rh8 49. Ne6 Rh4 50. Ke2 Kf7 51. Nc5 Rxh3 52. Nd3
Rh2+ 53. Kd1 Ng4 54. Rxa3 Ne3+ 55. Kc1 Rxc2+ 56. Kb1 Rc7 1/2-1/2

[Event "Team women chess final 2018"]
[Site "Sochi"]
[Date "2018.05.10"]
[Round "9.3"]
[White "Smirnova, Ekaterina"]
[Black "Chan, Naruna"]
[Result "1-0"]
[WhiteElo "2149"]
[BlackElo "1927"]
[PlyCount "67"]
[EventDate "2018.05.01"]

1. d4 Nf6 2. c4 e6 3. Nf3 b6 4. g3 Ba6 5. Qc2 Bb7 6. Bg2 c5 7. dxc5 bxc5 8. Nc3
Nc6 9. O-O Be7 10. Rd1 O-O 11. Bf4 d5 12. a3 Qc8 13. cxd5 exd5 14. Bg5 d4 15.
Bxf6 gxf6 16. Nd5 Qd8 17. Nxe7+ Qxe7 18. Rac1 Rac8 19. Qxc5 Qxe2 20. Nxd4 Nxd4
21. Qxd4 Bxg2 22. Kxg2 Rcd8 23. Qxd8 Rxd8 24. Rxd8+ Kg7 25. Rd7 Qe4+ 26. Kg1 a5
27. h4 Kg6 28. Rdc7 Qe5 29. R7c3 Qe2 30. b3 Qb2 31. a4 Qd2 32. Kg2 Qd5+ 33. Rf3
h5 34. Rc4 1-0

[Event "Team women chess final 2018"]
[Site "Sochi"]
[Date "2018.05.10"]
[Round "9.4"]
[White "Azimova, Karina"]
[Black "Tomashevskaya, Lidia"]
[Result "1-0"]
[WhiteElo "2059"]
[BlackElo "2146"]
[PlyCount "59"]
[EventDate "2018.05.01"]

1. e4 c6 2. d4 d5 3. exd5 cxd5 4. Bd3 Nc6 5. c3 Qc7 6. h3 Nf6 7. Nf3 g6 8. Qc2
Bg7 9. O-O O-O 10. Re1 Nh5 11. Be3 a6 12. Nbd2 Nf4 13. Bf1 Rd8 14. Nb3 b6 15.
Rad1 f6 16. Nc1 Nh5 17. Ne2 f5 18. Qc1 e5 19. dxe5 Nxe5 20. Nxe5 Bxe5 21. Bg5
Re8 22. Nd4 Bb7 23. Be2 Nf4 24. Bf3 Bd6 25. Rxe8+ Rxe8 26. Re1 Rxe1+ 27. Qxe1
Bc5 28. Bxf4 Qxf4 29. Qe8+ Kg7 30. Ne6+ 1-0

[Event "Team women chess final 2018"]
[Site "Sochi"]
[Date "2018.05.10"]
[Round "9.1"]
[White "Suslova, Alena"]
[Black "Yakimenko, Viktoria"]
[Result "0-1"]
[WhiteElo "2153"]
[BlackElo "2048"]
[PlyCount "120"]
[EventDate "2018.05.01"]
[BlackTeam "Аудиторская компания "]

1. c4 f5 2. Nf3 Nf6 3. g3 e6 4. Bg2 c6 5. O-O Be7 6. b3 O-O 7. Bb2 d6 8. d4 b6
9. Nc3 Bb7 10. Qd3 d5 11. Ng5 Qd7 12. Qe3 Bc8 13. Rad1 Na6 14. Qc1 Nc7 15. Nf3
Bb7 16. Ne5 Qe8 17. Na4 Rc8 18. c5 b5 19. Nc3 b4 20. Nb1 a5 21. f3 Nd7 22. Nxd7
Qxd7 23. Rfe1 Qe8 24. Qc2 Bf6 25. e4 fxe4 26. fxe4 Qg6 27. Nd2 Nb5 28. Nf3 Rc7
29. Rd2 Qh5 30. Qd3 Ba6 31. Qe3 Rcf7 32. exd5 exd5 33. Qe6 Na7 34. g4 Qg6 35.
g5 Bc8 36. Qd6 Bg4 37. gxf6 Rxf6 38. Ne5 Qg5 39. Bc1 Rxd6 40. cxd6 Bf5 41. Rf2
Qh4 42. Be3 Nb5 43. Nxc6 Nxd6 44. Bxd5+ Kh8 45. Bf4 Qg4+ 46. Bg3 h6 47. Rg2 Ne8
48. Be5 Qh5 49. Rg3 Nf6 50. Ne7 Ng4 51. Bxg7+ Kxg7 52. h3 Qh4 53. Nxf5+ Rxf5
54. Rxg4+ Rg5 55. Re7+ Kf8 56. Ree4 h5 57. Ref4+ Ke7 58. Rf7+ Ke8 59. Rh7 Qe1+
60. Kh2 hxg4 0-1

[Event "Team women chess final 2018"]
[Site "Sochi"]
[Date "2018.05.10"]
[Round "9.2"]
[White "Porozhnyak, Maya"]
[Black "Filippova, Darya"]
[Result "0-1"]
[WhiteElo "2021"]
[BlackElo "1955"]
[PlyCount "76"]
[EventDate "2018.05.01"]
[WhiteTeam "Аудиторская компания "]

1. f4 d5 2. Nf3 Nf6 3. g3 c5 4. Bg2 Nc6 5. O-O e6 6. d3 Qb6 7. Kh1 Be7 8. c4 d4
9. Na3 h5 10. Nc2 h4 11. Nxh4 Nh5 12. Kg1 Bxh4 13. gxh4 Bd7 14. Bd2 a5 15. Ne1
Qc7 16. a3 Ne7 17. e4 dxe3 18. Bxe3 Nf5 19. Bd2 Nxh4 20. Be4 Bc6 21. Ng2 Nf5
22. Bc3 O-O-O 23. Bxc6 Qxc6 24. b4 Nd4 25. Rf2 Nf6 26. bxa5 Rh3 27. Ne1 Ne4 28.
Bxd4 Nxf2 29. Bxf2 Rdh8 30. Bg3 Rxg3+ 31. hxg3 Qh1+ 32. Kf2 Rh2+ 33. Ke3 Qg1+
34. Kf3 Qf2+ 35. Ke4 f5+ 36. Ke5 Qd4+ 37. Kxe6 Qd7+ 38. Ke5 Rh6 0-1

[Event "Team women chess final 2018"]
[Site "Sochi"]
[Date "2018.05.10"]
[Round "9.3"]
[White "Nasybullina, Alfia"]
[Black "Yakimenko, Anastasia"]
[Result "1/2-1/2"]
[WhiteElo "2140"]
[BlackElo "2013"]
[PlyCount "129"]
[EventDate "2018.05.01"]
[BlackTeam "Аудиторская компания "]

1. Nf3 Nf6 2. c4 e6 3. Nc3 d5 4. d4 c6 5. e3 Nbd7 6. Bd3 Bd6 7. cxd5 exd5 8.
Qc2 O-O 9. g4 g6 10. Bd2 Re8 11. g5 Nh5 12. O-O-O Nf8 13. Rdg1 b5 14. Nh4 b4
15. Na4 Qa5 16. Qxc6 Bd7 17. Qxd6 Qxa4 18. Qa6 Qxa6 19. Bxa6 Rab8 20. Kb1 Ng7
21. Bd3 Bb5 22. Bc2 a5 23. Rc1 Nge6 24. Rhg1 Nd7 25. f4 Nb6 26. b3 Nc8 27. f5
Nf8 28. e4 dxe4 29. Bf4 Rb6 30. fxg6 hxg6 31. Ng2 Ne6 32. Be3 Rd6 33. Rcd1 Bc6
34. Nf4 Ne7 35. d5 Bxd5 36. Rd2 Nxf4 37. Bxf4 Re6 38. Re1 Bc6 39. Rd6 Nd5 40.
Rxe6 Rxe6 41. Bc1 e3 42. Bd3 Re5 43. Bc4 Rxg5 44. Bxd5 Bxd5 45. Rxe3 Kf8 46.
Re2 Rf5 47. Be3 Be6 48. Kc2 a4 49. Bd2 axb3+ 50. axb3 Rb5 51. Kb2 Bd5 52. Bh6+
Kg8 53. Re8+ Kh7 54. Be3 Be6 55. h4 Rd5 56. Kc2 Bf5+ 57. Kc1 Rd3 58. Bf4 f6 59.
Kb2 Kg7 60. Rb8 Be6 61. Rxb4 Rxb3+ 62. Rxb3 Bxb3 63. Kxb3 g5 64. hxg5 fxg5 65.
Bxg5 1/2-1/2

[Event "Team women chess final 2018"]
[Site "Sochi"]
[Date "2018.05.10"]
[Round "9.4"]
[White "Sergeeva, Natalia"]
[Black "Denikina, Natalia"]
[Result "1-0"]
[WhiteElo "1985"]
[BlackElo "2174"]
[PlyCount "127"]
[EventDate "2018.05.01"]
[WhiteTeam "Аудиторская компания "]

1. e4 c5 2. Nf3 d6 3. d4 cxd4 4. Nxd4 Nf6 5. Nc3 g6 6. Be3 Bg7 7. f3 a6 8. Qd2
Nbd7 9. O-O-O b5 10. Bh6 Bxh6 11. Qxh6 Bb7 12. a3 Rc8 13. Qd2 Nb6 14. Kb1 Qc7
15. h4 h5 16. Bd3 Nc4 17. Bxc4 Qxc4 18. Qe2 Qc5 19. Nb3 Qe5 20. Qe3 O-O 21. Qa7
Rb8 22. Qd4 Nd7 23. Nd5 Rfe8 24. Qf2 Bxd5 25. Rxd5 Qf6 26. Qd4 Kg7 27. Qxf6+
Kxf6 28. Na5 Rec8 29. Re1 Nb6 30. Rd3 Nc4 31. Nxc4 Rxc4 32. Rd5 Rbc8 33. c3
R4c5 34. Red1 Rxd5 35. exd5 Rc4 36. g3 g5 37. hxg5+ Kxg5 38. Re1 Kf6 39. Rh1
Kg5 40. Re1 Rc7 41. Kc2 f5 42. Kd3 f4 43. gxf4+ Kxf4 44. Rh1 Kxf3 45. Rxh5 Rc5
46. b4 Rc7 47. Rf5+ Kg4 48. Rf8 Ra7 49. Kc2 Kg5 50. Kb3 Rc7 51. Ra8 Kf4 52.
Rxa6 Ke4 53. Rb6 Kd3 54. Rc6 Ra7 55. Rc8 Ke4 56. c4 bxc4+ 57. Kxc4 Rxa3 58. Rc7
Ra6 59. Rxe7+ Kf5 60. Kb5 Ra8 61. Kc6 Ra6+ 62. Kb7 Ra4 63. b5 Rd4 64. Kc6 1-0